Managerial Accounting

Enregistré dans:
Détails bibliographiques
Auteur principal: Ricketts, Don
Autres auteurs: Gray, Jack
Format: Livre
Langue:anglais
Publié: Boston Houghton Mifflin Co. 1991
Édition:2. ed.
Sujets:
Tags: Ajouter un tag
Pas de tags, Soyez le premier à ajouter un tag!

MARC

LEADER 00000nam a2200000 4500
001 c009669
005 20221206114743.6
020 |a 0-395-57189-8 
041 0 |a eng 
044 |a US 
245 1 0 |a Managerial Accounting  |c Don Ricketts, Jack Gray 
250 |a 2. ed. 
264 1 |a Boston  |b Houghton Mifflin Co.  |c 1991 
300 |a 949 s. 
610 2 0 |a účtovníctvo 
610 2 0 |a rozhodovanie finančné 
610 2 0 |a uzávierka účtovná 
610 2 0 |a analýza finančná 
610 2 0 |a kontrola 
610 2 0 |a uzávierka účtovná 
100 1 |a Ricketts, Don 
700 1 |a Gray, Jack